[Event "FSV-ch 2013"]
[Site "Dortmund"]
[Date "2013.05.02"]
[Round "5.18"]
[White "Winkler, Harald"]
[Black "Skoecz, Horst"]
[Result "1-0"]
[WhiteElo "1335"]
[BlackElo "1283"]
[PlyCount "80"]
[EventDate "2013.??.??"]

1. d4 d5 2. c4 c6 3. Nf3 Nf6 4. Nc3 e6 5. e3 Be7 6. Be2 Nbd7 7. b3 Bb4 8. Bd2
Bxc3 9. Bxc3 Ne4 10. Qc2 Ndf6 11. Nd2 Nxc3 12. Qxc3 Ne4 13. Nxe4 dxe4 14. O-O
Qf6 15. Qc2 Qg6 16. f3 exf3 17. Qxg6 hxg6 18. Rxf3 f5 19. Raf1 g5 20. h3 g6 21.
Rg3 g4 22. hxg4 Kf7 23. gxf5 exf5 24. Bd3 Be6 25. e4 Rh5 26. exf5 gxf5 27. Rf4
Rah8 28. Kf2 Kf6 29. Be2 Rg5 30. Rxg5 Kxg5 31. Kg3 Rh1 32. Rf1 Rh6 33. Bf3 f4+
34. Kf2 Bc8 35. d5 cxd5 36. Bxd5 b6 37. Rc1 Rd6 38. Rc2 Bf5 39. Rd2 a5 40. Kf3
Be4+ $4 (40... Be4+ $4 41. Kxe4) 1-0

[Event "FSV-ch 2013"]
[Site "Dortmund"]
[Date "2013.05.02"]
[Round "5.19"]
[White "Böckmann, Lieselotte"]
[Black "Wangrin, Stefan A"]
[Result "0-1"]
[WhiteElo "1003"]
[BlackElo "1188"]
[PlyCount "76"]
[EventDate "2013.??.??"]

1. c4 c5 2. Nc3 g6 3. g3 Bg7 4. Bg2 Nc6 5. e3 e5 6. d3 Nf6 7. Nge2 O-O 8. O-O
d6 9. Nd5 Bd7 10. Nxf6+ Bxf6 11. Nc3 Rb8 12. Nd5 Bg7 13. f4 f5 14. Nc3 Ne7 15.
Nb5 Bc6 16. e4 Bxb5 17. cxb5 Qb6 18. Qb3+ $4 c4+ 19. Kh1 cxb3 20. axb3 Qxb5 21.
Be3 a6 22. Ra3 exf4 23. Bxf4 Bxb2 24. Bxd6 Bxa3 25. Bxa3 Rf7 26. Bxe7 Rxe7 27.
exf5 Rf7 28. b4 Qxd3 29. f6 Rbf8 30. h4 Qxg3 31. Rf3 Qxh4+ 32. Rh3 Qxb4 33. Bd5
Qe1+ 34. Kh2 Qd2+ 35. Bg2 Rxf6 36. Kg1 Rf2 37. Rh2 Qe1+ 38. Bf1 Qxf1# 0-1

[Event "FSV-ch 2013"]
[Site "Dortmund"]
[Date "2013.05.02"]
[Round "5.20"]
[White "Rzoczek, Christoph"]
[Black "Schlettig, Hans-Joachim"]
[Result "1-0"]
[WhiteElo "1561"]
[BlackElo "1206"]
[PlyCount "93"]
[EventDate "2013.??.??"]

1. d4 d5 2. Nf3 e6 3. Nbd2 c5 4. e3 Nf6 5. c3 Be7 6. Be2 Nc6 7. O-O O-O 8. Qc2
b6 9. Qa4 Qc7 10. Bb5 Bd7 11. Bxc6 Bxc6 12. Qc2 Bd6 13. h3 e5 14. dxe5 Bxe5 15.
Nxe5 Qxe5 16. Nf3 Qe4 17. Qxe4 Nxe4 18. Ne5 Bb5 19. Re1 f6 20. Nf3 Rad8 21. a4
Bc6 22. Ra3 d4 23. exd4 Ng5 24. Nxg5 fxg5 25. Bxg5 Rd5 26. Be3 cxd4 27. cxd4
Rf6 28. b4 Rg6 29. b5 Bd7 30. Kf1 Be6 31. Rc1 Rf5 32. Rc6 Rff6 33. Rac3 Bd5 34.
Rc8+ Rf8 35. Rxf8+ Kxf8 36. g3 Re6 37. Bf4 Re8 38. Be5 g6 39. h4 h5 40. Ke2 Ra8
41. Ke3 Ke8 42. Kf4 Kd7 43. Kg5 Bf7 44. Kf6 Ke8 45. Rc7 Bb3 46. Rh7 Rd8 47.
Rxa7 1-0

[Event "FSV-ch 2013"]
[Site "Dortmund"]
[Date "2013.05.02"]
[Round "5.21"]
[White "Rabe, Mark"]
[Black "Yangibayev, Rustam"]
[Result "0-1"]
[WhiteElo "1088"]
[BlackElo "1477"]
[PlyCount "48"]
[EventDate "2013.??.??"]

1. c4 e5 2. Nc3 Nf6 3. e4 Bb4 4. Qa4 Bxc3 5. bxc3 Nxe4 6. Nf3 Nc6 7. Ba3 d6 8.
c5 Nf6 9. Be2 O-O 10. O-O Re8 11. Rad1 Bg4 12. Rfe1 Be6 13. Qc2 h6 14. d4 exd4
15. cxd6 cxd6 16. Nxd4 Nxd4 17. Rxd4 d5 18. Qd2 Ne4 19. Qc1 Qh4 20. g3 Qf6 21.
Rf1 Bh3 22. f4 Bxf1 23. Bxf1 Rac8 24. Bb4 Qxd4+ 0-1

[Event "FSV-ch 2013"]
[Site "Dortmund"]
[Date "2013.05.02"]
[Round "5.22"]
[White "Heinz, Hans-Werner"]
[Black "Dirks, Rainer"]
[Result "0-1"]
[WhiteElo "1170"]
[BlackElo "1161"]
[PlyCount "74"]
[EventDate "2013.??.??"]

1. e4 e5 2. c4 Bc5 3. Nf3 Nc6 4. d3 Nf6 5. h3 d6 6. Be2 Nh5 7. O-O Nf4 8. Nc3
Nd4 9. Nh2 Qf6 10. Bxf4 exf4 11. Nd5 Qg6 12. Nxf4 Qg5 13. Nh5 Bxh3 14. Ng3 Be6
15. Nf3 Qf6 16. Rb1 h5 17. Nh2 g6 18. b4 Bb6 19. Nh1 Qg5 20. Bf3 h4 21. Bg4 f5
22. Bf3 h3 23. g3 f4 24. g4 Rh4 25. Rb2 Nxf3+ 26. Qxf3 Bxg4 27. Nxg4 Rxg4+ 28.
Kh2 Kd7 29. Qxh3 Qh4 (29... Rh8 $1 {nebst Matt in wenigen Zuegen}) 30. Qxh4
Rxh4+ 31. Kg2 Rah8 32. Kf3 Rxh1 33. Rxh1 Rxh1 34. Kxf4 Bd4 35. Re2 Rg1 36. f3
Ke6 37. Rc2 g5# 0-1

[Event "FSV-ch 2013"]
[Site "Dortmund"]
[Date "2013.05.06"]
[Round "5.23"]
[White "Schmidt, Andreas N"]
[Black "Sobottka, Hans-Gerald"]
[Result "1-0"]
[WhiteElo "894"]
[BlackElo "814"]
[PlyCount "103"]
[EventDate "2013.??.??"]

1. e4 e5 2. d4 f6 3. dxe5 fxe5 4. Qh5+ g6 5. Qxe5+ Qe7 6. Qxh8 Qg7 7. Qxg7 Bxg7
8. Bc4 Nf6 9. f3 Nc6 10. g4 d6 11. Nc3 Nd4 12. Kd2 Nd7 13. Nd5 Rb8 14. Nxc7+
Kd8 15. Ne6+ Nxe6 16. Bxe6 Nc5 17. Bxc8 Rxc8 18. c3 Bh6+ 19. Kc2 Bg7 20. Be3 a5
21. Rd1 Na4 22. Ne2 b5 23. Bd4 Bh6 24. Bf6+ Kd7 25. g5 Bf8 26. Nd4 b4 27. Rd3
Nb6 28. Nb5 Rc5 29. Bg7 Bxg7 30. Rxd6+ Kc8 31. Rxb6 Be5 32. Rd1 Bc7 33. Nxc7
Rxc7 34. e5 Rf7 35. Rd3 Rf5 36. e6 Re5 37. cxb4 Kc7 38. bxa5 Rxa5 39. e7 Re5
40. Rdb3 Rxe7 41. Rb7+ Kd8 42. Rxe7 Kxe7 43. Rb6 Kf7 44. Kd3 Kg7 45. Ke4 h6 46.
f4 hxg5 47. fxg5 Kh7 48. Rb7+ Kh8 49. Ke5 Kg8 50. Kf6 Kh8 51. Kxg6 Kg8 52. Rb8#
1-0

[Event "FSV-ch 2013"]
[Site "Dortmund"]
[Date "2013.05.02"]
[Round "5.24"]
[White "Reker, Gerhard"]
[Black "Pauli, Helmut"]
[Result "0-1"]
[WhiteElo "914"]
[BlackElo "1166"]
[PlyCount "38"]
[EventDate "2013.??.??"]

1. e4 c5 2. Nc3 e6 3. Bb5 a6 4. Ba4 b5 5. Bb3 c4 6. Bxc4 bxc4 7. Nf3 Nc6 8. O-O
Bb4 9. Na4 Bb7 10. c3 Bd6 11. d4 cxd3 12. Qxd3 Be7 13. Be3 d5 14. Bb6 Qd7 15.
exd5 Qxd5 16. Qe3 Nf6 17. Rfd1 Qh5 18. h3 Nd5 19. Qd4 $4 Nxd4 0-1

[Event "FSV-ch 2013"]
[Site "Dortmund"]
[Date "2013.05.21"]
[Round "6.1"]
[White "Guddat, Jörn"]
[Black "Zelt, Jens"]
[Result "0-1"]
[WhiteElo "1770"]
[BlackElo "2037"]
[PlyCount "94"]
[EventDate "2013.??.??"]

1. d4 d6 2. Nf3 c6 3. c4 Nd7 4. Nc3 e5 5. dxe5 dxe5 6. g3 h6 7. Bg2 Ngf6 8. Qc2
Qc7 9. b3 g6 10. O-O Bg7 11. Ba3 Bf8 12. Bb2 Be7 13. Nh4 Nf8 14. Ne4 Rg8 15.
Nf3 N6d7 16. c5 Ne6 17. Rfd1 Nexc5 18. Nxc5 Nxc5 19. Bxe5 Qa5 20. Bd6 Bxd6 21.
Rxd6 Bf5 22. Qc4 Be6 23. Qd4 Nd7 24. b4 Qb6 25. Qd2 O-O-O 26. Nd4 Ne5 27. Nxe6
fxe6 28. Rxd8+ Rxd8 29. Qxh6 Qxb4 30. Qe3 Qd4 31. Qxd4 Rxd4 32. h4 c5 33. Rc1
b6 34. Rc2 Rd1+ 35. Bf1 Kd7 36. f3 Kd6 37. Kf2 b5 38. g4 c4 39. h5 gxh5 40.
gxh5 Nf7 41. e3 Rd5 42. a4 a6 43. axb5 axb5 44. e4 Rxh5 45. Ke3 Kc5 46. f4 Nd6
47. e5 Nf5+ 0-1

[Event "FSV-ch 2013"]
[Site "Dortmund"]
[Date "2013.05.16"]
[Round "6.2"]
[White "Raskin, Vitali"]
[Black "Lauche, Christoph"]
[Result "0-1"]
[WhiteElo "1676"]
[BlackElo "1896"]
[PlyCount "98"]
[EventDate "2013.??.??"]

1. e4 d6 2. d4 Nf6 3. Nc3 Nbd7 4. Nf3 e5 5. Bc4 h6 6. O-O c6 7. Qe2 Qc7 8. h3
Be7 9. Be3 Nf8 10. d5 g5 11. Nh2 Ng6 12. Ng4 h5 13. Nxf6+ Bxf6 14. dxc6 bxc6
15. Qd2 Nf4 16. Rad1 Be7 17. a4 a5 18. Kh2 Rg8 19. Ne2 Qd7 20. Ng3 Nxg2 21. Nf5
Nh4 22. Qe2 Nxf5 23. Qxh5 d5 24. Qh7 Rf8 25. exf5 Qxf5 26. Bd3 Qxh7 27. Bxh7
Rh8 28. Bd3 Bxh3 29. Rg1 Bg4+ 30. Kg3 Bxd1 31. Rxd1 e4 32. Be2 f5 33. Bd4 Bd6+
34. Kg2 Rh2+ 35. Kg1 Kd7 36. c4 Ke6 37. cxd5+ cxd5 38. Rc1 Rh7 39. Bb5 Rc7 40.
Rd1 Rac8 41. Bb6 Rc1 42. Rxc1 Rxc1+ 43. Kg2 Rc2 44. b3 f4 45. Kf1 f3 46. Ke1
Bf4 47. Be3 Bxe3 48. fxe3 g4 49. Kd1 Ra2 0-1

[Event "FSV-ch 2013"]
[Site "Dortmund"]
[Date "2013.05.16"]
[Round "6.3"]
[White "Begna, Bozidar"]
[Black "Khess, Roman"]
[Result "1-0"]
[WhiteElo "1930"]
[BlackElo "1617"]
[PlyCount "51"]
[EventDate "2013.??.??"]

1. e4 e5 2. Nf3 Nc6 3. Bb5 a6 4. Ba4 Nf6 5. Qe2 b5 6. Bb3 Bc5 7. a4 b4 8. Bxf7+
Kxf7 9. Qc4+ Ke8 10. Qxc5 Qe7 11. Qe3 d6 12. d3 Bg4 13. Nbd2 h6 14. c3 Nh5 15.
g3 g5 16. h3 Bd7 17. d4 bxc3 18. bxc3 exd4 19. cxd4 Nb4 20. Qc3 d5 21. Ne5 Qd6
22. Nxd7 Kxd7 23. e5 Qe7 24. O-O Nc6 25. Nb3 Qb4 26. e6+ 1-0

[Event "FSV-ch 2013"]
[Site "Dortmund"]
[Date "2013.05.16"]
[Round "6.4"]
[White "Khess, Igor"]
[Black "Rzoczek, Christoph"]
[Result "1/2-1/2"]
[WhiteElo "1837"]
[BlackElo "1553"]
[PlyCount "105"]
[EventDate "2013.??.??"]

1. e4 d5 2. exd5 Qxd5 3. Nf3 Nf6 4. Nc3 Qd6 5. d4 c6 6. Be2 Bf5 7. O-O e6 8.
Ne5 Be7 9. Bf4 Qd8 10. Bf3 Nbd7 11. Qe2 Qb6 12. g4 Qxd4 13. gxf5 Qxf4 14. Nxf7
exf5 15. Nxh8 Ne5 16. Bg2 Nfg4 17. Rfe1 O-O-O 18. h3 Rd2 19. hxg4 Rxe2 20. Rxe2
Nxg4 21. Rd1 Bc5 22. Rdd2 h5 23. Ng6 Qg5 24. Ne5 Nxe5 25. Rxe5 Qxd2 26. Rxc5
Qc1+ 27. Kh2 Qxc2 28. Rxf5 Qxb2 29. Bh3 Kd8 30. Ne4 Qxa2 31. Rxh5 Qe2 32. Re5
Qf3 33. Re6 a5 34. Rd6+ Kc7 35. Rd7+ Kb6 36. Nd6 Qxf2+ 37. Bg2 Qh4+ 38. Kg1 a4
39. Rxb7+ Ka5 40. Ra7+ Kb6 41. Rb7+ Kc5 42. Ne4+ Kc4 43. Ra7 Qe1+ 44. Kh2 Qb4
45. Rc7 Qb8 46. Nd6+ Kd3 47. Rxc6 a3 48. Ra6 Kc2 49. Rxa3 Qxd6+ 50. Rg3 Qf4 51.
Bh3 Kd2 52. Kg2 Ke1 53. Rg4 1/2-1/2

[Event "FSV-ch 2013"]
[Site "Dortmund"]
[Date "2013.05.16"]
[Round "6.5"]
[White "Dite, Alexander"]
[Black "Schütz, Ralf"]
[Result "0-1"]
[WhiteElo "1695"]
[BlackElo "1857"]
[PlyCount "66"]
[EventDate "2013.??.??"]

1. d4 Nf6 2. c4 e6 3. Nc3 Bb4 4. f3 c5 5. a3 Bxc3+ 6. bxc3 Qa5 7. Bd2 d6 8. e4
Nbd7 9. Bd3 O-O 10. Ne2 e5 11. O-O Nb6 12. Bg5 Nbd7 13. Kh1 h6 14. Bd2 Nb6 15.
f4 Re8 16. fxe5 dxe5 17. Rxf6 gxf6 18. Qe1 Kf8 19. Qh4 cxd4 20. Qxf6 Re6 21.
Bxh6+ Ke8 22. Qh8+ Kd7 23. cxd4 exd4 24. Bf4 ({Nach dem naheliegenden} 24. Rf1
$1 {
was die letzte weisse Figur ins Spiel fuehrt, draenge der Angriff durch, z.B.}
24... Qh5 25. Qg7 Re7 (25... Rxh6 26. Rxf7+) 26. c5 Qxc5 27. Rf5 {usw.}) 24...
Qc5 25. e5 Kc7 26. Bf5 Bd7 27. Qg7 Rae8 28. Bxe6 Bxe6 29. Qg3 Nxc4 30. Qd3 Rd8
31. h4 Kc8 32. h5 Nxe5 33. Qe4 Nc6 0-1

[Event "FSV-ch 2013"]
[Site "Dortmund"]
[Date "2013.05.16"]
[Round "6.6"]
[White "Sonntag, Joachim"]
[Black "Nagel, Frank"]
[Result "1-0"]
[WhiteElo "1777"]
[BlackElo "1673"]
[PlyCount "59"]
[EventDate "2013.??.??"]

1. e4 d5 2. exd5 Qxd5 3. Nc3 Qa5 4. d4 Nf6 5. Nf3 Bf5 6. Ne5 c6 7. Bc4 e6 8. g4
Be4 9. f3 Bd5 10. Bd2 Qb6 11. Qe2 Qxd4 12. O-O-O Be7 13. Bh6 Bxc4 14. Nxc4 Qc5
15. Be3 Qb4 16. a3 a5 17. axb4 axb4 18. Ne4 Nd5 19. Ncd6+ Kf8 20. Kb1 f5 21.
gxf5 exf5 22. Nxf5 Na6 23. Nxe7 Kxe7 24. Bg5+ Kd7 25. c4 bxc3 26. Nxc3 Nab4 27.
Qe7+ Kc8 28. Nxd5 Nxd5 29. Rxd5 cxd5 30. Rc1+ 1-0

[Event "FSV-ch 2013"]
[Site "Dortmund"]
[Date "2013.05.22"]
[Round "6.7"]
[White "Schulz-Runge, Michael"]
[Black "Boeck, Matthias"]
[Result "1-0"]
[WhiteElo "1734"]
[BlackElo "1639"]
[PlyCount "61"]
[EventDate "2013.??.??"]

1. e4 g6 2. d4 Bg7 3. f4 d6 4. Bc4 e6 5. Nf3 a6 6. a4 b6 7. O-O Ne7 8. Nc3 Bb7
9. f5 gxf5 10. Ng5 d5 11. exd5 Nxd5 12. Re1 h6 13. Nf3 c6 14. Bd3 Ne7 15. Ne2
b5 16. c3 Nd7 17. Ng3 Kf8 18. Bf4 Nf6 19. Ne5 Ned5 20. Nh5 Nxf4 21. Nxf4 Nd7
22. Nxf7 Kxf7 23. Qh5+ Kg8 24. Nxe6 Qf6 25. Bxf5 Nf8 26. Re3 Nh7 27. Bg6 Ng5
28. Rf1 Qe7 29. Qe2 Nxe6 30. Rxe6 Qd7 31. Re7 {
und Schwarz ueberschritt in verlorener Stellung die Zeit.} 1-0

[Event "FSV-ch 2013"]
[Site "Dortmund"]
[Date "2013.05.16"]
[Round "6.8"]
[White "Nettbohl, Werner"]
[Black "Jost, Udo"]
[Result "0-1"]
[WhiteElo "1516"]
[BlackElo "1857"]
[PlyCount "84"]
[EventDate "2013.??.??"]

1. e4 c5 2. Nc3 a6 3. g3 Nc6 4. Bg2 Nf6 5. d3 d6 6. Nge2 Bg4 7. f3 Bd7 8. Be3
h5 9. h4 Ne5 10. a3 e6 11. Bf4 Qc7 12. Rb1 Be7 13. Qd2 Rd8 14. Rd1 b5 15. Qc1
b4 16. axb4 cxb4 17. Nb1 Rc8 18. Rd2 Qb6 19. b3 Bb5 20. Qd1 Ng6 21. Rf1 Nh7 22.
d4 e5 23. Be3 Ngf8 24. Bf2 Qa5 25. Bh3 Rb8 26. Be3 g5 27. hxg5 Nxg5 28. Bf5 h4
29. f4 Nge6 30. Rh1 Bf6 31. dxe5 dxe5 32. Rd5 Qc7 33. fxe5 hxg3 34. Rxh8 Bxh8
35. Nxg3 Bxe5 36. Nh5 Rc8 37. Rd2 Qe7 38. Qg4 Rc6 39. Kd1 Rd6 40. Kc1 Ba1 41.
Rg2 Rc6 42. Ng7+ $4 Bxg7 0-1

[Event "FSV-ch 2013"]
[Site "Dortmund"]
[Date "2013.05.24"]
[Round "6.9"]
[White "Schlepütz, Volker"]
[Black "Bommert, Christian"]
[Result "0-1"]
[WhiteElo "1598"]
[BlackElo "1752"]
[PlyCount "74"]
[EventDate "2013.??.??"]

1. Nf3 f5 2. c4 Nf6 3. d4 d6 4. Nc3 c6 5. g3 Qc7 6. Bg2 e5 7. dxe5 dxe5 8. O-O
Be7 9. Qc2 Na6 10. a3 O-O 11. b4 f4 12. Bb2 Nh5 13. Ne4 Bf6 14. Rfd1 fxg3 15.
hxg3 Bf5 16. Nh2 Kh8 17. g4 Bxe4 18. Bxe4 Nf4 19. Nf3 g6 20. e3 Ne6 21. Kg2 Qg7
22. Rd6 Nac7 23. Rad1 Rf7 24. Bc3 Raf8 25. Qb2 Kg8 26. R1d2 Qh6 27. Rd1 Bh4 28.
Bxe5 Ng5 29. Bf4 Rxf4 30. exf4 Nxe4 31. g5 Qh5 32. Rd7 Ne6 33. Qe5 Qg4+ 34. Kf1
Qh3+ 35. Ke2 Nxf4+ 36. Ke3 Ng2+ 37. Kxe4 Qxf3+ 0-1

[Event "FSV-ch 2013"]
[Site "Dortmund"]
[Date "2013.05.16"]
[Round "6.10"]
[White "Dieckmann, Rudolf"]
[Black "Ropers, Klaus"]
[Result "0-1"]
[WhiteElo "1601"]
[BlackElo "1721"]
[PlyCount "92"]
[EventDate "2013.??.??"]

1. d4 Nf6 2. c4 c5 3. Nf3 cxd4 4. Nxd4 g6 5. Nc3 Bg7 6. e3 Nc6 7. a3 O-O 8. b4
d5 9. Bb2 Nxd4 10. exd4 dxc4 11. Bxc4 Bf5 12. Ne2 Qd6 13. Qb3 Rfd8 14. Bxf7+
Kh8 15. Bc4 Rac8 16. f3 Nd5 17. Bxd5 Qxd5 18. Qxd5 Rxd5 19. Nf4 Rdd8 20. Rd1
Rc4 21. g4 Bc2 22. Ne6 Bxd1 23. Nxd8 Bxd4 24. Bxd4+ Rxd4 25. Nf7+ Kg7 26. Ng5
Bb3 27. O-O h6 28. Ne4 Bd5 29. Re1 Rd3 30. Nc5 Rxa3 31. Nxb7 Kf6 32. Nc5 Bxf3
33. Nd7+ Kg5 34. Rxe7 Bxg4 35. Nc5 Kf4 36. Rf7+ Bf5 37. Kg2 Ra2+ 38. Kg1 Kf3
39. h4 Kg3 40. Kf1 Kxh4 41. Re7 Kg4 42. Re3 h5 43. Nb3 Rb2 44. Rc3 h4 45. Rc4+
Kg5 46. Nd4 Bd3+ 0-1

[Event "FSV-ch 2013"]
[Site "Dortmund"]
[Date "2013.05.16"]
[Round "6.11"]
[White "Reinacher, Detlev"]
[Black "Gerke, Dieter"]
[Result "1/2-1/2"]
[WhiteElo "1590"]
[BlackElo "1478"]
[PlyCount "59"]
[EventDate "2013.??.??"]

1. Nf3 d5 2. g3 Nf6 3. d3 c6 4. Bg2 e6 5. c3 h6 6. Nbd2 Be7 7. O-O Nbd7 8. a3
b6 9. b4 Ba6 10. Bb2 Rc8 11. c4 O-O 12. Qc2 Re8 13. e4 dxc4 14. dxc4 Nb8 15. e5
Nfd7 16. Ne4 Qc7 17. Rfd1 Nf8 18. c5 bxc5 19. bxc5 Qa5 20. Rd2 Nfd7 21. Rc1 Bb5
22. Nd6 Bxd6 23. exd6 Na6 24. Bc3 Qxa3 25. Bd4 Red8 26. Ne5 Ba4 27. Qc4 Bb5 28.
Qc2 Ba4 29. Qc4 Bb5 30. Qc2 1/2-1/2

[Event "FSV-ch 2013"]
[Site "Dortmund"]
[Date "2013.05.16"]
[Round "6.12"]
[White "Grube, Jörg"]
[Black "Link, Werner"]
[Result "1-0"]
[WhiteElo "1800"]
[BlackElo "1402"]
[PlyCount "69"]
[EventDate "2013.??.??"]

1. b3 Nf6 2. Bb2 g6 3. g3 Bg7 4. Bg2 O-O 5. d3 d6 6. e3 Nc6 7. Nd2 e5 8. Ne2
Bd7 9. h3 Rb8 10. a3 a5 11. O-O Ne7 12. c3 Qc8 13. Kh2 Bc6 14. e4 Ne8 15. c4 f5
16. f3 f4 17. g4 g5 18. d4 Ng6 19. Rc1 b6 20. b4 axb4 21. axb4 Ra8 22. b5 Bd7
23. c5 Bxb5 24. Qb3+ Rf7 25. Qxb5 Ra5 26. Qb4 Qd7 27. Nc4 dxc5 28. dxc5 Rxc5
29. Rfd1 Qc8 30. Nc3 Bf8 31. Qb3 Qb7 32. Ba1 Qa6 33. Bf1 Nh4 34. Nxe5 Nxf3+ 35.
Kh1 1-0

[Event "FSV-ch 2013"]
[Site "Dortmund"]
[Date "2013.05.16"]
[Round "6.13"]
[White "Gennat, Egon L"]
[Black "Winkler, Harald"]
[Result "1-0"]
[WhiteElo "1430"]
[BlackElo "1335"]
[PlyCount "105"]
[EventDate "2013.??.??"]

1. d4 d5 2. Nf3 Nf6 3. e3 g6 4. Bd3 Bg7 5. Nbd2 Bg4 6. h3 Bxf3 7. Nxf3 Nbd7 8.
b3 O-O 9. Bb2 c5 10. O-O cxd4 11. Bxd4 e6 12. Ne5 b6 13. Nxd7 Nxd7 14. Bxg7
Kxg7 15. c4 Ne5 16. cxd5 Qxd5 17. Be2 Qxd1 18. Rfxd1 Rfd8 19. f4 Nd7 20. b4 Nf6
21. Bf3 Rab8 22. Kf2 Kf8 23. g4 Ke7 24. g5 Ne8 25. Ke2 Rxd1 26. Rxd1 Rd8 27.
Rc1 f6 28. h4 e5 29. fxe5 fxe5 30. Bg4 Rd6 31. Rc8 Rd8 32. Rc4 Rd6 33. Bh3 Rd5
34. a4 a6 35. Bg2 Rd6 36. Bb7 b5 37. axb5 axb5 38. Rc5 Rb6 39. Rxe5+ Kd6 40.
Rxe8 Rxb7 41. Rc8 Ke5 42. Re8+ Kd5 43. Kd3 Kd6 44. Kd4 Kd7 45. Re5 Kc6 46. Re6+
Kd7 47. Kd5 Rc7 48. Rd6+ Ke7 49. Rc6 Rd7+ 50. Ke4 Kd8 51. Ke5 Rd3 52. Rd6+ Rxd6
53. Kxd6 1-0

[Event "FSV-ch 2013"]
[Site "Dortmund"]
[Date "2013.05.16"]
[Round "6.14"]
[White "Wickenfeld, Udo"]
[Black "Benke, Werner"]
[Result "0-1"]
[WhiteElo "1352"]
[BlackElo "1465"]
[PlyCount "108"]
[EventDate "2013.??.??"]

1. Nf3 Nf6 2. d4 d5 3. c4 e6 4. Nc3 Be7 5. e3 O-O 6. Bd3 a6 7. O-O dxc4 8. Bxc4
b5 9. Bd3 Bb7 10. e4 h6 11. Re1 Nh7 12. Be3 Nd7 13. Rc1 Rc8 14. Re2 c5 15. d5
exd5 16. Nxd5 Re8 17. Nxe7+ Rxe7 18. Nd2 Nhf6 19. f3 c4 20. Bb1 Nc5 21. Bf4 Rd7
22. Qe1 Nh5 23. Be3 Nd3 24. Bxd3 Rxd3 25. Qf2 Qe7 26. Nf1 Rcd8 27. Ree1 Qe6 28.
Ng3 Nxg3 29. Qxg3 Kh8 30. Qf2 R8d7 31. g4 Qg6 32. Bf4 Qf6 33. Be3 g5 34. h3 Kh7
35. Qe2 Qe5 36. Bf2 Qf4 37. Rcd1 Rd2 38. Rxd2 Rxd2 39. Qe3 Qxe3 40. Bxe3 Rxb2
41. a3 Rb3 42. Bc5 Rxf3 43. Kg2 Rd3 44. Kh2 Kg6 45. Bb4 Bc6 46. e5 Bd5 47. Rf1
Be6 48. Kg2 Re3 49. Rf6+ Kg7 50. Bd6 c3 51. Rf2 Bd5+ 52. Kh2 Bb3 53. Rf1 c2 54.
Bb4 Rd3 0-1

[Event "FSV-ch 2013"]
[Site "Dortmund"]
[Date "2013.05.16"]
[Round "6.15"]
[White "Wangrin, Stefan A"]
[Black "Yangibayev, Rustam"]
[Result "0-1"]
[WhiteElo "1172"]
[BlackElo "1508"]
[PlyCount "88"]
[EventDate "2013.??.??"]

1. Nf3 c6 2. c4 Nf6 3. e3 d5 4. d4 Bg4 5. Nbd2 e6 6. Be2 Nbd7 7. O-O Qc7 8. Ne5
Bxe2 9. Qxe2 Nxe5 10. dxe5 Qxe5 11. Nf3 Qc7 12. cxd5 Nxd5 13. Bd2 Be7 14. e4
Nf4 15. Bxf4 Qxf4 16. Rad1 Qc7 17. e5 O-O 18. Rd3 Rad8 19. Rfd1 Rxd3 20. Rxd3
Rd8 21. Rxd8+ Qxd8 22. Nd2 Qd5 23. b3 b5 24. f3 Bc5+ 25. Kf1 Qd4 26. Ke1 Qa1+
27. Qd1 Qxe5+ 28. Ne4 f5 29. Qd8+ Bf8 30. Qg5 Qa1+ 31. Kf2 fxe4 32. fxe4 Qxa2+
33. Kg3 Qxb3+ 34. Kh4 a5 35. h3 a4 36. g4 a3 37. e5 a2 38. Qc1 Be7+ 39. g5 Qc4+
40. Qxc4 bxc4 41. Kh5 a1=Q 42. Kg4 Qxe5 43. h4 Qf5+ 44. Kh5 Qf3# 0-1

[Event "FSV-ch 2013"]
[Site "Dortmund"]
[Date "2013.05.16"]
[Round "6.16"]
[White "Herrmann, Rudolf"]
[Black "Büdel, Jürgen"]
[Result "0-1"]
[WhiteElo "1313"]
[BlackElo "1605"]
[PlyCount "48"]
[EventDate "2013.??.??"]

1. d4 g6 2. Nf3 Bg7 3. Bg5 b6 4. c4 Bb7 5. e3 Nf6 6. Nc3 O-O 7. Be2 d6 8. O-O
Nbd7 9. d5 a5 10. a4 Nc5 11. Qc2 Bc8 12. e4 h6 13. Bf4 Nh5 14. Be3 Na6 15. Nd4
Nb4 16. Qd2 Kh7 17. Nc6 Nxc6 18. dxc6 Nf6 19. Bd3 Ng4 20. Rfe1 e6 21. h3 Nxe3
22. Rxe3 Qg5 23. Qc2 Bd4 24. Rg3 $4 Qxg3 $1 0-1

[Event "FSV-ch 2013"]
[Site "Dortmund"]
[Date "2013.05.16"]
[Round "6.18"]
[White "Vogt, Christian"]
[Black "Jentzsch, Werner Wilfried"]
[Result "1-0"]
[WhiteElo "1541"]
[BlackElo "1387"]
[PlyCount "63"]
[EventDate "2013.??.??"]

1. d4 d5 2. c4 e6 3. Nc3 Nf6 4. cxd5 Nxd5 5. e4 Nxc3 6. bxc3 b6 7. Nf3 Bb7 8.
Bb5+ Bc6 9. Bxc6+ Nxc6 10. Qa4 Qd7 11. O-O Na5 12. Qxd7+ Kxd7 13. d5 exd5 14.
exd5 Re8 15. Bf4 f6 16. Nd4 Bd6 17. Bxd6 cxd6 18. Ne6 g6 19. f4 Rc8 20. f5 {(=)
} 20... g5 21. Nd4 Rxc3 22. Nb5 Rc5 23. a4 a6 24. Nd4 Rxd5 25. Ne6 Rc8 26. g4
Rd2 27. Rf3 Rcc2 28. Rh3 Rg2+ 29. Kh1 Rxg4 30. Rxh7+ Ke8 31. Re1 Rh4 32. Rxh4
1-0

[Event "FSV-ch 2013"]
[Site "Dortmund"]
[Date "2013.05.16"]
[Round "6.19"]
[White "Tautz, Eugen"]
[Black "Koch, Detlev"]
[Result "1-0"]
[WhiteElo "1450"]
[BlackElo "1348"]
[PlyCount "47"]
[EventDate "2013.??.??"]

1. c4 f6 2. Nc3 e6 3. d4 g6 4. Nf3 Nh6 5. Bf4 a6 6. a3 Nf7 7. e4 Bg7 8. Be2 e5
9. dxe5 Nxe5 10. Nd5 d6 11. Qa4+ Bd7 12. Qb3 Bc6 13. Nd4 Qd7 14. O-O O-O 15.
Rac1 Bxd5 16. cxd5 b6 17. Ne6 Rc8 18. Rc2 Kh8 19. Rfc1 b5 20. Rxc7 Rxc7 21.
Rxc7 Qe8 22. Nxg7 Qg8 23. Bxe5 fxe5 24. Qc3 1-0

[Event "FSV-ch 2013"]
[Site "Dortmund"]
[Date "2013.05.16"]
[Round "6.21"]
[White "Pauli, Helmut"]
[Black "Schmidt, Andreas N"]
[Result "1-0"]
[WhiteElo "1191"]
[BlackElo "894"]
[PlyCount "79"]
[EventDate "2013.??.??"]

1. d4 d5 2. c4 e6 3. Nf3 Nc6 4. a3 Nf6 5. Bg5 Be7 6. Bxf6 Bxf6 7. e3 O-O 8. c5
e5 9. dxe5 Nxe5 10. Nxe5 Bxe5 11. Qd2 Re8 12. Be2 d4 13. e4 Be6 14. O-O Qf6 15.
Bd3 Bf4 16. Qe2 Bf5 17. f3 Be3+ 18. Kh1 Bd7 19. Nd2 Qh6 20. Rfe1 $4 Bf4 $4 (
20... Bxd2 $19) 21. Nf1 Re5 22. g3 Rh5 23. gxf4 Qxf4 24. Qf2 Bg4 25. Be2 d3 26.
Bd1 Rh3 27. Nd2 Re8 28. Rg1 Bd7 29. Rg3 Qh4 30. Kg1 g6 31. Rxh3 Qxh3 32. Qg3
Qh6 33. f4 Qg7 34. e5 b6 35. Qxd3 f6 36. Bb3+ Kh8 37. Re1 fxe5 38. Rxe5 Rxe5
39. fxe5 Bf5 40. Qd8+ 1-0

[Event "FSV-ch 2013"]
[Site "Dortmund"]
[Date "2013.05.16"]
[Round "6.22"]
[White "Sobottka, Hans-Gerald"]
[Black "Rabe, Mark"]
[Result "0-1"]
[WhiteElo "878"]
[BlackElo "1088"]
[PlyCount "54"]
[EventDate "2013.??.??"]

1. e4 e5 2. Nf3 Nc6 3. Bb5 Nf6 4. Nc3 d6 5. h3 Bd7 6. Bxc6 Bxc6 7. d3 Be7 8.
O-O O-O 9. b3 b5 10. Re1 Qc8 11. d4 Rd8 12. d5 Bd7 13. Qd2 Nh5 14. Ne2 Bxh3 15.
Nh2 Bd7 16. f3 Rf8 17. Rf1 h6 18. b4 c6 19. Qc3 cxd5 20. exd5 Qxc3 21. Nxc3
Rac8 22. Bb2 f5 23. Rae1 Bf6 24. g4 Nf4 25. Ne2 Nxd5 26. c3 f4 27. Kg2 Ne3+ 0-1

[Event "FSV-ch 2013"]
[Site "Dortmund"]
[Date "2013.05.16"]
[Round "6.23"]
[White "Heinz, Hans-Werner"]
[Black "Schlettig, Hans-Joachim"]
[Result "0-1"]
[WhiteElo "1159"]
[BlackElo "1206"]
[PlyCount "106"]
[EventDate "2013.??.??"]

1. e4 e6 2. d4 d5 3. e5 c5 4. c3 Nc6 5. Nf3 h6 6. Be2 Nge7 7. dxc5 Ng6 8. b4 a6
9. Nbd2 Ncxe5 10. O-O b6 11. Nxe5 Nxe5 12. cxb6 Qxb6 13. Nf3 Qc7 14. Nxe5 Qxe5
15. Bd2 Bd6 16. g3 Qf6 17. Rc1 O-O 18. c4 dxc4 19. Rxc4 Rd8 20. Qc2 Bb7 21. Bc3
Be5 22. f4 Bxc3 23. Qxc3 Qxc3 24. Rxc3 Rd2 25. Bf3 Bxf3 26. Rfxf3 Rxa2 27. Rf2
Rxf2 28. Kxf2 Rb8 29. Rc4 g6 30. h4 h5 31. Kf3 Kg7 32. g4 hxg4+ 33. Kxg4 Rb5
34. Kg3 Kf6 35. Kg4 a5 36. bxa5 Rxa5 37. Re4 e5 38. fxe5+ Rxe5 39. Rxe5 Kxe5
40. h5 gxh5+ 41. Kxh5 Kf4 42. Kh4 f5 43. Kh3 Kf3 44. Kh2 Kf2 45. Kh1 f4 46. Kh2
f3 47. Kh1 Ke2 48. Kh2 f2 49. Kg2 f1=Q+ 50. Kg3 Ke3 51. Kg4 Ke4 52. Kg5 Qf7 53.
Kg4 Qg6+ 0-1